MARC

LEADER 00000nam0a2200000 4500
001 304603
005 20231102001722.0
035 |a (RuTPU)RU\TPU\book\329850 
035 |a RU\TPU\book\295414 
090 |a 304603 
100 |a 20141016d1982 k y0rusy5003 ca 
101 0 |a rus 
102 |a RU 
105 |a a z 001zy 
200 1 |a Динамика и колебания механических систем  |e межвузовский сборник научных трудов  |f Ивановский энергетический институт (ИЭИ) ; отв. ред. С. С. Кораблев 
210 |a Иваново  |c Изд-во ИвГУ  |d 1982 
215 |a 162 с.  |c ил. 
320 |a Библиогр. в конце ст. 
606 1 |a Механические системы  |x Динамика  |2 stltpush  |3 (RuTPU)RU\TPU\subj\67689  |9 83398 
606 1 |a Механические системы  |x Колебания  |2 stltpush  |3 (RuTPU)RU\TPU\subj\43603  |9 63079 
610 1 |a фазы 
610 1 |a разности 
610 1 |a электродвигатели 
610 1 |a диагностика 
610 1 |a колебания 
610 1 |a квазигармонические процессы 
610 1 |a вибрационные возмущения 
610 1 |a погрешности 
610 1 |a исследование 
610 1 |a вибраторы 
610 1 |a применение 
610 1 |a нагружение 
610 1 |a транспортные средства 
675 |a 621.01:531.3  |v 3 
675 |a 539.3:534  |v 3 
702 1 |a Кораблев  |b С. С.  |g Станислав Сергеевич  |4 340 
712 0 2 |a Ивановский энергетический институт (ИЭИ)  |c (1930-1992)  |2 stltpush  |3 (RuTPU)RU\TPU\col\6341 
801 0 |a RU  |b RuMRKP  |c 19950704  |g psbo 
801 1 |a RU  |b 63413507  |c 20150916 
801 2 |a RU  |b 63413507  |c 20171018  |g RCR 
942 |c BK